Multiple Choice City Quiz – Boston - Statistics

General Stats
  • This quiz has been taken 17,769 times
  • The average score is 7 of 10
Answer Stats
Question Answer % Correct
What was the Boston Tea Party a protest against? Unfair taxation
92%
What Boston suburb is home to Harvard and MIT? Cambridge
82%
Boston has the world's oldest ... Annual marathon
78%
What movie, written by Matt Damon and Ben Affleck, was set in Boston? Good Will Hunting
76%
Which of these U. S. Presidents was born in the Boston area? John F. Kennedy
68%
Which of these phrases is often used to demonstrate a typical Boston accent? Park the car in Harvard Yard
68%
What battle took place within the current city limits of Boston? Battle of Bunker Hill
60%
Located in central Boston, it's the oldest park in the United States. What is it? Boston Common
52%
Which of these rock bands started in Boston? Aerosmith
45%
What nickname is given to Boston's upper class, especially ones descended from the early English settlers? Boston Brahmins
34%
No matching quizzes found
Score Distribution
Percent of People with Each Score
Percentile by Number Answered
Your Score History
You have not taken this quiz